| 000 | 01513 a2200253 4500 | ||
|---|---|---|---|
| 001 | 39229 | ||
| 005 | 20260407155651.0 | ||
| 008 | 260407a1992 arg spa d | ||
| 003 | AR-UNSa-BCEJYS | ||
| 040 |
_aAR-UNSa-BCEJYS _bspa _cAR-UNSa-BCEJYS |
||
| 080 |
_a658.8 _xOrganización de mercados. Marketing. Ventas. Distribución |
||
| 245 | 1 | 0 |
_aCreatividad & Marketing _pel libro que continene la regla heurística |
| 020 | _a958-600-099-0 | ||
| 264 | 1 |
_aBogotá : _bMcGraw-Hill Interamericana _c1992 |
|
| 300 |
_a129 p. _c24 cm. |
||
| 505 | _a1. La empresa : solución creativa para un problema - 2. Heurística y algoritmo - 3. Marketing y creatividad - 4. El proceso creativo - 5. Funciones de la mente - 6. Como estimular la creatividad de la empresa - 7. Características de la persona creativa en general y de la persona creativa en marketing - 8. Características de la empresa creativa - 9. Factores que inhiben la creatividad - 10. Entrenamiento para desarrollar la creatividad - 11. Cómo construir modelo heurístico de su empresa y del mercado en el cual ella actúa - 12. Aplicación del proceso creativo al modelo de su empresa - 13. Cómo utilizar la regla heurísitca | ||
| 942 | _cBK | ||
| 590 | _aniveau_biblio:m niveau_hierar:0 | ||
| 100 | 1 | _aDuailibi, Roberto | |
| 700 | 1 | _aSimonsen, Harry , Jr. | |
| 700 | 1 | _aSalamanca de Santa Maria, Consuelo | |
| 700 | 1 | _aStornfelt, Jan Edward | |
| 856 | 4 | 1 |
_uhttps://biblioeco.unsa.edu.ar/pmb/images/libros/L58740.jpg _yImagen de portada _qimage/jpeg |
| 999 |
_c2982 _d2982 |
||